[Event "Excelsior March op"]
[Site "Toronto CAN"]
[Date "2023.03.12"]
[Round "5.23"]
[White "Zhong, Ryan Yunhui"]
[Black "Li, Triston"]
[Result "1-0"]
[WhiteElo "1636"]
[BlackElo "1470"]
[PlyCount "95"]
[EventDate "2023.03.19"]
[EventType "swiss"]
[EventRounds "5"]
[EventCountry "CAN"]

1. e4 c6 2. d4 d5 3. Nc3 dxe4 4. Nxe4 Bf5 5. Ng3 Bg6 6. N1e2 Nf6 7. Nf4 e6 8.
h4 Bd6 9. h5 Qc7 10. hxg6 Bxf4 11. gxf7+ Kxf7 12. Nh5 Bxc1 13. Rxc1 Qa5+ 14. b4
Qxb4+ 15. c3 Qe7 16. Nxf6 Qxf6 17. Rb1 b5 18. Rh3 Ke7 19. Qb3 Nd7 20. Rf3 Qh6
21. Qa3+ Ke8 22. Qd6 e5 23. Qc7 Ke7 24. Re3 Rhc8 25. Rxe5+ Kf8 26. Qxd7 Re8 27.
Qf5+ Kg8 28. Bd3 g6 29. Qd7 Qh1+ 30. Kd2 Qh6+ 31. Kc2 Rxe5 32. dxe5 Qf4 33.
Qe6+ Kg7 34. Qe7+ Kg8 35. Qf6 Qa4+ 36. Kc1 Qa3+ 37. Kd2 Qxa2+ 38. Ke3 Rf8 39.
Qh4 Qd5 40. Qe4 Qf7 41. f4 g5 42. Rh1 Qxf4+ 43. Qxf4 gxf4+ 44. Kf3 Rf7 45. e6
Rg7 46. Kxf4 Rxg2 47. Ke5 Rg7 48. Rf1 1-0

[Event "Excelsior March op"]
[Site "Toronto CAN"]
[Date "2023.03.12"]
[Round "5.24"]
[White "Lin, Austin"]
[Black "Qian, Eric"]
[Result "0-1"]
[WhiteElo "1168"]
[BlackElo "1614"]
[PlyCount "120"]
[EventDate "2023.03.19"]
[EventType "swiss"]
[EventRounds "5"]
[EventCountry "CAN"]

1. Nf3 d5 2. d4 Nf6 3. e3 e6 4. Bd3 Be7 5. c3 c5 6. Nbd2 O-O 7. O-O b6 8. Re1
Ba6 9. Bc2 Nc6 10. a3 Qc7 11. b4 Bb7 12. Bb2 a6 13. Nf1 Rac8 14. Rc1 Na7 15.
Ng3 Qb8 16. Bb1 Rfd8 17. Ne5 a5 18. bxa5 bxa5 19. Rc2 Ba6 20. Nh5 h6 21. Nxf6+
Bxf6 22. Ng4 Be7 23. h3 Bc4 24. Rd2 Bb3 25. Qf3 Bf8 26. Ne5 Qc7 27. Ng4 c4 28.
Nh2 Nb5 29. Bc2 Nxa3 30. Bxa3 Bxa3 31. e4 Bf8 32. exd5 Bxc2 33. Rxc2 exd5 34.
Ra2 Ra8 35. Ng4 a4 36. Ne3 Qc6 37. Nc2 Rdb8 38. Na3 Rb3 39. Rea1 Bb4 40. Nb1 a3
41. Qe3 Bd6 42. Qc1 Qa4 43. Qd2 Ra6 44. g3 Rab6 45. Kg2 Rxb1 46. Qe2 Rxa1 47.
Rxa1 Rb2 48. Qf3 Qc2 49. Re1 Kf8 50. h4 a2 51. Rh1 Rb1 52. Qxd5 a1=Q 53. Qxd6+
Kg8 54. Qd8+ Kh7 55. Rxb1 Qaxb1 56. h5 Qe4+ 57. f3 Qe2+ 58. Kh3 Qh1+ 59. Kg4
Qe6+ 60. Kf4 Qc1# 0-1

[Event "Excelsior March op"]
[Site "Toronto CAN"]
[Date "2023.03.12"]
[Round "5.25"]
[White "Zhan, Jayden Zihan"]
[Black "Cater, Brendan"]
[Result "0-1"]
[WhiteElo "1153"]
[BlackElo "1601"]
[PlyCount "136"]
[EventDate "2023.03.19"]
[EventType "swiss"]
[EventRounds "5"]
[EventCountry "CAN"]

1. Nf3 Nf6 2. g3 d5 3. d4 e6 4. Bg2 c5 5. O-O Nbd7 6. e3 b6 7. c4 Ba6 8. Nbd2
Be7 9. b3 Rc8 10. Qc2 O-O 11. Bb2 cxd4 12. exd4 dxc4 13. bxc4 Bxc4 14. Nxc4 b5
15. Qe2 Rxc4 16. Rfc1 Rxc1+ 17. Rxc1 Qb8 18. Bf1 Qb7 19. Ne5 a6 20. Bg2 Nd5 21.
Nd3 Bd6 22. Qc2 Rb8 23. h4 N7b6 24. Nc5 Qa7 25. Ne4 Rc8 26. Qd1 Rxc1 27. Qxc1
Qc7 28. Qxc7 Bxc7 29. Nc5 a5 30. Bf1 b4 31. Bb5 Nc3 32. Bxc3 bxc3 33. Bd3 Nd5
34. a3 Bd6 35. Nb7 Bxa3 36. Nxa5 Nb4 37. Nc4 c2 38. Bxc2 Nxc2 39. Nxa3 Nxa3 40.
Kf1 Nb5 41. Ke2 Nxd4+ 42. Kd3 Nf5 43. Ke4 f6 44. h5 Kf7 45. g4 Ne7 46. Kf4 e5+
47. Ke4 Ke6 48. f4 exf4 49. Kxf4 g5+ 50. hxg6 hxg6 51. Ke4 f5+ 52. gxf5+ gxf5+
53. Kf4 Ng6+ 54. Ke3 Ke5 55. Kf3 f4 56. Ke2 Ke4 57. Ke1 Ke3 58. Kf1 Kf3 59. Kg1
Ke2 60. Kg2 f3+ 61. Kg3 f2 62. Kg4 f1=Q 63. Kg5 Ne7 64. Kh5 Qf5+ 65. Kh4 Ng6+
66. Kg3 Qg5+ 67. Kh2 Nf4 68. Kh1 Qg2# 0-1

[Event "Excelsior March op"]
[Site "Toronto CAN"]
[Date "2023.03.12"]
[Round "5.27"]
[White "Di Matteo, Alessio"]
[Black "Allahverdi, Umid"]
[Result "1-0"]
[WhiteElo "1581"]
[BlackElo "1180"]
[PlyCount "131"]
[EventDate "2023.03.19"]
[EventType "swiss"]
[EventRounds "5"]
[EventCountry "CAN"]

1. d4 d5 2. c4 e6 3. Nc3 Nf6 4. cxd5 exd5 5. Bg5 Be7 6. e3 O-O 7. Bd3 b6 8.
Bxf6 Bxf6 9. Qh5 g6 10. Qxd5 Qxd5 11. Nxd5 Bd8 12. Nc3 Bb7 13. f3 Re8 14. e4
Nc6 15. Nge2 Nb4 16. Bb1 c5 17. d5 Bc7 18. a3 Na6 19. O-O Be5 20. Rd1 Rad8 21.
Ba2 Nc7 22. g3 Ba6 23. Kf2 Bxe2 24. Kxe2 f5 25. Kf2 Bd4+ 26. Kg2 Kg7 27. Re1
fxe4 28. fxe4 Bxc3 29. bxc3 Nb5 30. c4 Nd4 31. Rac1 Re5 32. Bb1 Rd6 33. Rf1 Rd8
34. Rf2 Rd7 35. Rcf1 Kg8 36. Rf6 Kg7 37. R1f2 Kg8 38. h4 Kg7 39. g4 Kg8 40. g5
Kg7 41. Rf8 Nb3 42. Ra8 Nd4 43. Bd3 h6 44. gxh6+ Kxh6 45. Kh3 Kg7 46. Kg4 Kh7
47. Raf8 Kg7 48. Ra8 Kh7 49. Rff8 Kg7 50. Rfd8 Rf7 51. Rg8+ Kf6 52. Rad8 Ree7
53. Rd6+ Ke5 54. Rdxg6 Rf4+ 55. Kh3 Rf3+ 56. Rg3 Rxg3+ 57. Rxg3 Kf4 58. Rg5 Rh7
59. e5 Rh8 60. e6 Nf3 61. Rf5+ Ke3 62. Rxf3+ Kxf3 63. e7 Rg8 64. Bg6 b5 65. d6
Kf2 66. e8=Q 1-0

[Event "Excelsior March op"]
[Site "Toronto CAN"]
[Date "2023.03.12"]
[Round "5.28"]
[White "Wang, Nathan"]
[Black "Ashcroft, Michael"]
[Result "1-0"]
[WhiteElo "1502"]
[BlackElo "1523"]
[PlyCount "57"]
[EventDate "2023.03.19"]
[EventType "swiss"]
[EventRounds "5"]
[EventCountry "CAN"]

1. e4 g6 2. d4 Bg7 3. Nc3 d6 4. Be3 Nf6 5. Qd2 a6 6. Bh6 O-O 7. h4 c5 8. d5 e6
9. O-O-O b5 10. f3 b4 11. Nge2 exd5 12. exd5 Qa5 13. Kb1 c4 14. Bxg7 Kxg7 15.
h5 Ra7 16. Qd4 Nbd7 17. Qxa7 b3 18. cxb3 cxb3 19. a3 Ne5 20. Nf4 Bf5+ 21. Bd3
Nxd3 22. Nxd3 Bxd3+ 23. Ka1 Re8 24. Qd4 Re5 25. Qxd3 Qa4 26. h6+ Kf8 27. Ne2
Rxd5 28. Qc3 Qb5 29. Qxf6 1-0

[Event "Excelsior March op"]
[Site "Toronto CAN"]
[Date "2023.03.12"]
[Round "5.29"]
[White "Kim, Noah"]
[Black "Ajith, Aarush"]
[Result "1-0"]
[WhiteElo "1748"]
[BlackElo "1433"]
[PlyCount "51"]
[EventDate "2023.03.19"]
[EventType "swiss"]
[EventRounds "5"]
[EventCountry "CAN"]

1. d4 Nf6 2. c4 e6 3. Nf3 d5 4. Nc3 b6 5. cxd5 exd5 6. Bg5 Be7 7. e3 Nbd7 8.
Ne5 Bb7 9. Bb5 O-O 10. Nc6 Bxc6 11. Bxc6 Rb8 12. O-O h6 13. Bf4 Bd6 14. Bxd6
cxd6 15. Nxd5 Nxd5 16. Bxd5 Nf6 17. Bf3 d5 18. Qa4 Qe7 19. Rac1 Rbc8 20. a3 Rc7
21. Qb3 Rd8 22. Rc2 Rxc2 23. Qxc2 Qd7 24. Rc1 Qb5 25. b4 Rd7 26. Be2 1-0

[Event "Excelsior March op"]
[Site "Toronto CAN"]
[Date "2023.03.12"]
[Round "5.30"]
[White "Oancea, Nicolae"]
[Black "Xie, Irene"]
[Result "1-0"]
[WhiteElo "1739"]
[BlackElo "1370"]
[PlyCount "103"]
[EventDate "2023.03.19"]
[EventType "swiss"]
[EventRounds "5"]
[EventCountry "CAN"]

1. e4 d6 2. Nf3 Nf6 3. Nc3 g6 4. d4 Bg7 5. h3 a6 6. Be3 Nc6 7. Qd2 h5 8. a3 e6
9. O-O-O Ne7 10. Be2 Bd7 11. Ng5 b5 12. f4 c6 13. Rdf1 Qc7 14. g4 a5 15. e5 b4
16. Nce4 Nxe4 17. Nxe4 Nc8 18. gxh5 bxa3 19. bxa3 d5 20. Nc5 gxh5 21. Bd3 Bf8
22. a4 Bxc5 23. dxc5 Ne7 24. Rhg1 Nf5 25. Bxf5 exf5 26. Qc3 Be6 27. Kd2 Kd7 28.
Rb1 Rhg8 29. Rb6 Rxg1 30. Bxg1 Rg8 31. Qb2 Kc8 32. Bf2 Rg2 33. Ke1 Bd7 34. Bh4
Be8 35. Be7 Qxe7 36. Rb8+ Kd7 37. Rb7+ Ke6 38. Rxe7+ Kxe7 39. Qb8 Bd7 40. Qh8
Rxc2 41. Qxh5 Rc4 42. h4 Re4+ 43. Kd2 Rd4+ 44. Ke3 Rxa4 45. Qg5+ Ke8 46. h5 Rc4
47. h6 Rc3+ 48. Kd2 Rh3 49. h7 a4 50. Qg8+ Ke7 51. h8=Q Rxh8 52. Qxh8 1-0

[Event "Excelsior March op"]
[Site "Toronto CAN"]
[Date "2023.03.12"]
[Round "5.31"]
[White "La Selva, Josh"]
[Black "Jiang, Hancy"]
[Result "0-1"]
[WhiteElo "907"]
[BlackElo "1570"]
[PlyCount "76"]
[EventDate "2023.03.19"]
[EventType "swiss"]
[EventRounds "5"]
[EventCountry "CAN"]

1. d4 Nf6 2. c4 g6 3. Nc3 Bg7 4. e4 O-O 5. Nf3 d6 6. Bd3 Nc6 7. a3 e5 8. d5 Ne7
9. O-O a5 10. Rb1 Nd7 11. b4 b6 12. Nh4 f5 13. exf5 gxf5 14. f4 e4 15. Nxe4
fxe4 16. Bxe4 Nf6 17. Bd3 axb4 18. axb4 Ng4 19. Qe1 Nf5 20. Bxf5 Rxf5 21. Nxf5
Bxf5 22. Rb3 Bd4+ 23. Kh1 Ra2 24. Rg3 Kh8 25. Be3 Bxe3 26. Rxe3 Nxe3 27. Qxe3
Kg8 28. Re1 Kf7 29. Qb3 Ra8 30. g3 Qf6 31. Qf3 Ra1 32. Rxa1 Qxa1+ 33. Kg2 Qb2+
34. Kg1 Qc1+ 35. Kf2 Qd2+ 36. Kg1 Qe1+ 37. Qf1 Qxf1+ 38. Kxf1 Bd3+ 0-1

[Event "Excelsior March op"]
[Site "Toronto CAN"]
[Date "2023.03.12"]
[Round "5.32"]
[White "Malakar, Saarthak"]
[Black "Hartman, Liam"]
[Result "1-0"]
[WhiteElo "1546"]
[BlackElo "1257"]
[PlyCount "66"]
[EventDate "2023.03.19"]
[EventType "swiss"]
[EventRounds "5"]
[EventCountry "CAN"]

1. d4 Nf6 2. Nf3 c5 3. d5 d6 4. c4 g6 5. Nc3 Bg7 6. e4 O-O 7. h3 Nbd7 8. Be2
Nb6 9. O-O e6 10. Be3 exd5 11. cxd5 Re8 12. Qc2 Nxe4 13. Nxe4 Bf5 14. Bd3 c4
15. Bxb6 cxd3 16. Bxd8 dxc2 17. Nf6+ Bxf6 18. Bxf6 Be4 19. Ne1 Rac8 20. Bc3 b5
21. a3 a5 22. Rc1 b4 23. axb4 axb4 24. Bxb4 Re5 25. f3 Bxd5 26. Rxc2 Rxc2 27.
Nxc2 Re2 28. Rc1 Bb3 29. Nd4 Re3 30. Nxb3 Rxb3 31. Bxd6 f6 32. Rc2 h5 33. Kf2
Kf7 1-0

[Event "Excelsior March op"]
[Site "Toronto CAN"]
[Date "2023.03.12"]
[Round "5.33"]
[White "Deshpande, Sarthak"]
[Black "Murali, Dhruv"]
[Result "1/2-1/2"]
[WhiteElo "1527"]
[BlackElo "1209"]
[PlyCount "93"]
[EventDate "2023.03.19"]
[EventType "swiss"]
[EventRounds "5"]
[EventCountry "CAN"]

1. d4 Nf6 2. c4 g6 3. Nc3 Bg7 4. e4 d6 5. Be2 Nbd7 6. Be3 e5 7. d5 a6 8. Qd2 b6
9. g4 Nc5 10. f3 h6 11. h4 Bb7 12. Nh3 Qc8 13. O-O-O a5 14. Rdg1 Qd7 15. Nf2
O-O-O 16. f4 exf4 17. Bxf4 Kb8 18. g5 hxg5 19. hxg5 Nh5 20. Be3 Qe7 21. Bd4 Be5
22. Bxe5 Qxe5 23. Ng4 Qf4 24. Nh6 Rh7 25. Bxh5 Qxd2+ 26. Kxd2 gxh5 27. Rxh5
Rdh8 28. Rh4 Nd7 29. Rh3 Ne5 30. b3 Bc8 31. Rhg3 f6 32. Nf5 Bxf5 33. exf5 fxg5
34. Ke3 g4 35. Ne4 Rf8 36. f6 Rhf7 37. Rh1 Nd7 38. Rf1 Nxf6 39. Nxf6 Rxf6 40.
Rxf6 Rxf6 41. Rxg4 Kb7 42. Rf4 Rh6 43. a4 Rh1 44. Kd3 Rh3+ 45. Kc2 Rh2+ 46. Kc3
Rh3+ 47. Kc2 1/2-1/2

[Event "Excelsior March op"]
[Site "Toronto CAN"]
[Date "2023.03.12"]
[Round "5.34"]
[White "Zhuang, Ryan"]
[Black "Ambilwade, Ojal"]
[Result "0-1"]
[WhiteElo "708"]
[BlackElo "1476"]
[PlyCount "132"]
[EventDate "2023.03.19"]
[EventType "swiss"]
[EventRounds "5"]
[EventCountry "CAN"]

1. e4 c5 2. c3 Nf6 3. e5 Nd5 4. d4 e6 5. Nf3 Be7 6. c4 Nb6 7. d5 d6 8. Nc3 O-O
9. Bd3 exd5 10. cxd5 dxe5 11. Nxe5 Bf6 12. Ng4 Bxc3+ 13. bxc3 Qxd5 14. O-O Bxg4
15. Bxh7+ Kxh7 16. Qxg4 N8d7 17. Bg5 Qe6 18. Qh4+ Kg8 19. Rfe1 Qg6 20. Re3 Qh7
21. Qg4 Rfe8 22. Rh3 Qe4 23. f4 f5 24. Qh4 Qe6 25. Qh7+ Kf7 26. Qh5+ Qg6 27.
Qf3 Re4 28. g4 Ne5 29. fxe5 Qxg5 30. Rg3 Qf4 31. e6+ Kxe6 32. gxf5+ Qxf5 33.
Qd3 Qe5 34. Rg6+ Kf7 35. Rg3 Re8 36. Rf1+ Kg8 37. Qf3 Qe7 38. Kg2 Rf8 39. Qxf8+
Qxf8 40. Rxf8+ Kxf8 41. Kf3 Ra4 42. Rg2 Ra3 43. Ke4 Rxc3 44. Rf2+ Kg8 45. Rg2
Rc4+ 46. Kd3 Rh4 47. Rf2 c4+ 48. Kc3 Nd5+ 49. Kc2 Nb4+ 50. Kc3 Nd5+ 51. Kc2 Rh3
52. Re2 Nb4+ 53. Kc1 Ra3 54. h4 Rxa2 55. Re4 Nd3+ 56. Kb1 Rb2+ 57. Ka1 c3 58.
Rc4 c2 59. h5 Rb1+ 60. Ka2 Nb4+ 61. Rxb4 Rxb4 62. h6 c1=R 63. h7+ Kxh7 64. Ka3
Rb6 65. Ka2 Rc5 66. Ka3 Ra5# 0-1

[Event "Excelsior March op"]
[Site "Toronto CAN"]
[Date "2023.03.12"]
[Round "5.35"]
[White "Deepak, Laksshana"]
[Black "Yang, Albert"]
[Result "1-0"]
[WhiteElo "1465"]
[BlackElo "1151"]
[PlyCount "41"]
[EventDate "2023.03.19"]
[EventType "swiss"]
[EventRounds "5"]
[EventCountry "CAN"]

1. e4 c5 2. Nf3 Nc6 3. d4 cxd4 4. Nxd4 Nf6 5. Nc3 e5 6. Ndb5 d6 7. Nd5 Nxd5 8.
exd5 Ne7 9. c4 a6 10. Qa4 axb5 11. Qxa8 bxc4 12. Bxc4 Nf5 13. O-O Be7 14. Bb5+
Kf8 15. Be3 Nxe3 16. fxe3 Bg5 17. e4 Ke7 18. Qa7 Bf4 19. Rf3 Bg4 20. Qxb7+ Kf8
21. Ra3 1-0

[Event "Excelsior March op"]
[Site "Toronto CAN"]
[Date "2023.03.12"]
[Round "5.36"]
[White "Surendran, Siddharth"]
[Black "Mutyalapati, Modith Aaroh"]
[Result "0-1"]
[WhiteElo "836"]
[BlackElo "1455"]
[PlyCount "48"]
[EventDate "2023.03.19"]
[EventType "swiss"]
[EventRounds "5"]
[EventCountry "CAN"]

1. e4 c5 2. Nf3 d6 3. d4 cxd4 4. Nxd4 Nf6 5. Nc3 g6 6. Be3 Bg7 7. Bc4 O-O 8. f3
Nc6 9. Qd2 Bd7 10. g4 h5 11. h3 Rc8 12. O-O-O Nxd4 13. Qxd4 Nxg4 14. Qd3 Nxe3
15. Bxf7+ Rxf7 16. Qxe3 Kh7 17. Rdg1 Bh6 18. f4 Bxf4 19. Qxf4 Rxf4 20. Rg3 Qf8
21. Kd2 Rf2+ 22. Ke1 Rxc2 23. Rhg1 Qf2+ 24. Kd1 Qd2# 0-1

[Event "Excelsior March op"]
[Site "Toronto CAN"]
[Date "2023.03.12"]
[Round "5.37"]
[White "Ramesh, Sanjay"]
[Black "Naiboglu, Onur"]
[Result "1-0"]
[WhiteElo "1867"]
[BlackElo "1301"]
[PlyCount "94"]
[EventDate "2023.03.19"]
[EventType "swiss"]
[EventRounds "5"]
[EventCountry "CAN"]

1. d4 Nf6 2. c4 e6 3. Nc3 Bb4 4. Nf3 d5 5. e3 c5 6. cxd5 exd5 7. Bd2 O-O 8. Be2
Nc6 9. O-O Bf5 10. dxc5 Qe7 11. Nd4 Bg6 12. Na4 Bxd2 13. Qxd2 Ne4 14. Nxc6 bxc6
15. Qd4 Bf5 16. Bf3 Qg5 17. Nc3 Nxc3 18. Qxc3 Rfe8 19. Rfd1 Re6 20. Qb4 Rg6 21.
Qf4 Qxf4 22. exf4 Rb8 23. Rd2 Rb5 24. Rc1 Rb4 25. g3 Rxf4 26. Bg2 Rb4 27. Bxd5
cxd5 28. Rxd5 h6 29. Rxf5 Rc6 30. Rc2 Kf8 31. Kf1 Re4 32. Rf3 Ke7 33. a3 a5 34.
Rb3 Re5 35. Rb5 a4 36. Rc4 Kd7 37. Rxa4 Rexc5 38. Rxc5 Rxc5 39. Ra7+ Ke6 40.
Rb7 Re5 41. b4 g5 42. Rb6+ Kf5 43. a4 Kg4 44. Kg2 f5 45. h3+ Kh5 46. a5 g4 47.
hxg4+ fxg4 1-0

[Event "Excelsior March op"]
[Site "Toronto CAN"]
[Date "2023.03.12"]
[Round "5.38"]
[White "Gavrileva, Anna"]
[Black "Chhabda, Chintansingh"]
[Result "1-0"]
[WhiteElo "1448"]
[BlackElo "1280"]
[PlyCount "98"]
[EventDate "2023.03.19"]
[EventType "swiss"]
[EventRounds "5"]
[EventCountry "CAN"]

1. d4 d5 2. Bf4 c5 3. e3 Nc6 4. Nf3 Nf6 5. c3 cxd4 6. exd4 Bf5 7. Nbd2 a6 8.
Be2 e6 9. O-O Be7 10. Re1 O-O 11. Rc1 Rc8 12. Ne5 Na5 13. Bg3 Qb6 14. b4 Nc6
15. a3 a5 16. Nb3 axb4 17. axb4 Nxe5 18. Bxe5 Ne4 19. Nc5 Bxc5 20. dxc5 Qd8 21.
f3 Nf6 22. Bb5 Ne8 23. Ra1 Nc7 24. Ba4 Ne8 25. f4 Qh4 26. Qf3 Be4 27. Qf2 Qh6
28. Qg3 f6 29. Bd7 fxe5 30. Bxc8 exf4 31. Qh3 Qg5 32. Bxe6+ Kh8 33. Qg4 Qf6 34.
Rf1 Qxc3 35. Ra8 f3 36. gxf3 Qd4+ 37. Kg2 Qd2+ 38. Rf2 Bxf3+ 39. Qxf3 Qg5+ 40.
Qg3 Rxf2+ 41. Kxf2 Qf6+ 42. Qf3 Qh4+ 43. Kg2 Qg5+ 44. Bg4 Qe7 45. Qxd5 Qe3 46.
b5 Qe1 47. c6 bxc6 48. bxc6 Qe7 49. c7 Qf8 1-0

[Event "Excelsior March op"]
[Site "Toronto CAN"]
[Date "2023.03.12"]
[Round "5.39"]
[White "Suresh, Pavan"]
[Black "Bakradze, Joshua"]
[Result "1/2-1/2"]
[WhiteElo "1340"]
[BlackElo "1164"]
[PlyCount "68"]
[EventDate "2023.03.19"]
[EventType "swiss"]
[EventRounds "5"]
[EventCountry "CAN"]

1. d4 d5 2. c4 e5 3. dxe5 d4 4. Nf3 Nc6 5. a3 a5 6. e3 dxe3 7. Qxd8+ Nxd8 8.
Bxe3 Nc6 9. Nc3 Bg4 10. Nd5 O-O-O 11. Ng5 Nxe5 12. f4 h6 13. fxe5 hxg5 14. Be2
Bxe2 15. Kxe2 f6 16. exf6 gxf6 17. b4 b5 18. bxa5 bxc4 19. Nb4 c5 20. Na2 Rd3
21. Nc1 Rd7 22. Rb1 Rb7 23. Rxb7 Kxb7 24. h3 Ka6 25. Bd2 Bd6 26. Na2 Bc7 27.
Rb1 Nh6 28. Rc1 Re8+ 29. Kf3 Rd8 30. Ke2 Re8+ 31. Kf3 Rd8 32. Ke2 Re8+ 33. Kf3
Rd8 34. Ke2 Re8+ 1/2-1/2

[Event "Excelsior March op"]
[Site "Toronto CAN"]
[Date "2023.03.12"]
[Round "5.40"]
[White "Anish, Diganth"]
[Black "Hong, Zihan"]
[Result "0-1"]
[WhiteElo "1155"]
[BlackElo "1084"]
[PlyCount "174"]
[EventDate "2023.03.19"]
[EventType "swiss"]
[EventRounds "5"]
[EventCountry "CAN"]

1. e4 d5 2. exd5 Qxd5 3. Nc3 Qa5 4. Bc4 Nf6 5. d4 Bg4 6. Nf3 e6 7. Bd2 c6 8.
O-O Nbd7 9. a4 Qc7 10. Rb1 a5 11. h3 Bh5 12. Qe2 Be7 13. Rfe1 Nb6 14. Bb3 Nbd5
15. Nxd5 Nxd5 16. Qd3 Nb4 17. Bxb4 Bxb4 18. c3 Bg6 19. Qe3 Bxb1 20. cxb4 Bg6
21. bxa5 Rxa5 22. Ne5 O-O 23. h4 Qe7 24. Qh3 Qb4 25. Rd1 Be4 26. Qg3 Bd5 27.
Bc2 f6 28. Ng4 Qe7 29. h5 f5 30. Ne5 Rf6 31. Qc3 Ra8 32. Nd3 Rh6 33. Nf4 Qh4
34. Qe3 Qe7 35. b3 Re8 36. Re1 Rf6 37. Qc3 Qf7 38. Qh3 Be4 39. Bd1 Rd8 40. f3
Bd5 41. Re3 Qe7 42. Nd3 b6 43. b4 Rb8 44. Qg3 Rd8 45. Qg5 Rf7 46. Qf4 Rc8 47.
Re1 Rf6 48. Qh4 Bc4 49. Nf4 Re8 50. Bc2 Qxb4 51. Nh3 Qc3 52. Qf2 Rd8 53. Rd1
Bb3 54. Bxb3 Qxb3 55. Ra1 Qc3 56. Rd1 c5 57. Nf4 Rxd4 58. Rxd4 Qxd4 59. Qxd4
cxd4 60. Ne2 e5 61. f4 d3 62. Nc3 e4 63. Kf2 Rh6 64. Nd5 Kf7 65. Ke3 Rd6 66.
Nc3 d2 67. Ke2 Rd3 68. Nd1 Ke6 69. Nf2 d1=Q+ 70. Nxd1 Rxd1 71. Kxd1 Kd5 72. Ke2
Kc4 73. Kf2 Kb4 74. g4 g6 75. hxg6 hxg6 76. gxf5 gxf5 77. Ke2 Kxa4 78. Kd2 Kb3
79. Kd1 Kc3 80. Ke2 Kc2 81. Ke1 b5 82. Ke2 b4 83. Ke1 b3 84. Ke2 b2 85. Ke3
b1=Q 86. Ke2 Qd1+ 87. Ke3 Qd2# 0-1

[Event "Excelsior March op"]
[Site "Toronto CAN"]
[Date "2023.03.12"]
[Round "5.44"]
[White "Pedersen, Noah"]
[Black "Clarizio, Joshua"]
[Result "1-0"]
[WhiteElo "1157"]
[BlackElo "1350"]
[PlyCount "57"]
[EventDate "2023.03.19"]
[EventType "swiss"]
[EventRounds "5"]
[EventCountry "CAN"]

1. e4 c6 2. d4 d5 3. Nc3 dxe4 4. Nxe4 Bf5 5. Ng3 Bg6 6. Nf3 c5 7. Bb5+ Nc6 8.
Bxc6+ bxc6 9. O-O cxd4 10. Nxd4 c5 11. Nb3 Qxd1 12. Rxd1 e5 13. c3 Nf6 14. Re1
Bd6 15. Bf4 Nd7 16. Rad1 Bc7 17. Nxc5 Nxc5 18. Bxe5 Bxe5 19. Rxe5+ Ne6 20. f4
Bc2 21. Rc1 Bd3 22. f5 O-O 23. fxe6 fxe6 24. Rxe6 Bc4 25. Re7 Rfd8 26. b3 Ba6
27. Nf5 g6 28. Nh6+ Kf8 29. Rf7+ 1-0

[Event "Excelsior May op"]
[Site "Toronto CAN"]
[Date "2023.05.19"]
[Round "1.2"]
[White "Oancea, Nicolae"]
[Black "Singh Dhaliwal, Jaipreet"]
[Result "1-0"]
[WhiteElo "2132"]
[BlackElo "1978"]
[PlyCount "67"]
[EventDate "2023.05.19"]
[EventType "swiss"]
[EventRounds "5"]
[EventCountry "CAN"]

1. e4 e5 2. Nf3 Nf6 3. d4 Nxe4 4. Bd3 d5 5. Nxe5 Bd6 6. O-O O-O 7. Nd2 Nf6 8.
h3 c5 9. Ndf3 Nc6 10. c3 h6 11. Nxc6 bxc6 12. dxc5 Bxc5 13. Bf4 Re8 14. Qc2 Bb7
15. Rad1 a5 16. c4 Qb6 17. Be5 Nd7 18. Bg3 Nf6 19. Rc1 d4 20. Rcd1 Kh8 21. Rfe1
Bb4 22. Re5 a4 23. c5 Qd8 24. Qc4 Rxe5 25. Nxe5 Qa5 26. Nxf7+ Kg8 27. Nxh6+ Kh8
28. Qxd4 Qxc5 29. Qh4 Qh5 30. Qxh5 Nxh5 31. Nf7+ Kg8 32. Bc4 Kh7 33. Be5 a3 34.
bxa3 {time} 1-0

[Event "Excelsior May op"]
[Site "Toronto CAN"]
[Date "2023.05.19"]
[Round "1.3"]
[White "Wang, Andy"]
[Black "Chen, Richard"]
[Result "0-1"]
[WhiteElo "1966"]
[BlackElo "2104"]
[PlyCount "112"]
[EventDate "2023.05.19"]
[EventType "swiss"]
[EventRounds "5"]
[EventCountry "CAN"]

1. e4 e5 2. Nf3 Nc6 3. Bb5 a6 4. Ba4 Nf6 5. d3 b5 6. Bb3 Bc5 7. c3 d6 8. a4 Bd7
9. O-O O-O 10. Nbd2 b4 11. Nc4 bxc3 12. bxc3 Rb8 13. Ba3 Bxa3 14. Rxa3 Qe7 15.
Qc2 d5 16. exd5 Nxd5 17. Raa1 Nf4 18. Rfe1 Nxd3 19. Qxd3 Rxb3 20. Nfxe5 Nxe5
21. Nxe5 Be6 22. Qxa6 Rxc3 23. a5 Qc5 24. Qe2 Ra8 25. a6 Rc2 26. Qe3 Qxe3 27.
Rxe3 Rxa6 28. Rae1 g6 29. Kf1 Raa2 30. R3e2 Rxe2 31. Rxe2 Ra1+ 32. Re1 Rxe1+
33. Kxe1 Kf8 34. Kd2 Ke7 35. Kd3 Kd6 36. f4 f6 37. Nf3 Bd5 38. Ne1 f5 39. g3
Be4+ 40. Kd4 c5+ 41. Kc4 h5 42. Kc3 Kd5 43. Kd2 Kd4 44. Ke2 c4 45. h3 c3 46. h4
Kc4 47. Kd1 Kc5 48. Ke2 Kd4 49. Kf2 c2 50. Nxc2+ Bxc2 51. Kf3 Bd1+ 52. Kf2 Ke4
53. Kg2 Ke3 54. Kh2 Kf2 55. Kh3 Bg4+ 56. Kh2 Kf3 0-1

[Event "Excelsior May op"]
[Site "Toronto CAN"]
[Date "2023.05.20"]
[Round "2.2"]
[White "Chen, Richard"]
[Black "Filipovich, David"]
[Result "1/2-1/2"]
[WhiteElo "2104"]
[BlackElo "2138"]
[PlyCount "72"]
[EventDate "2023.05.19"]
[EventType "swiss"]
[EventRounds "5"]
[EventCountry "CAN"]

1. e4 c6 2. d4 d5 3. Nc3 g6 4. e5 Bg7 5. Nf3 f6 6. Bf4 Nh6 7. Be2 O-O 8. Qd2 g5
9. Be3 Nf5 10. O-O-O Nxe3 11. Qxe3 Bf5 12. exf6 exf6 13. h4 h6 14. hxg5 fxg5
15. Ne5 Nd7 16. g4 Bh7 17. Bd3 Nxe5 18. Bxh7+ Kxh7 19. dxe5 Qe7 20. Qd3+ Kg8
21. Qg6 Qf7 22. Rxh6 Qxg6 23. Rxg6 Kf7 24. Rd6 Ke7 25. Re1 Rxf2 26. Rg6 Kf7 27.
Rd6 Ke7 28. Kd1 Rh8 29. Rg6 Bf8 30. Rxg5 Rhh2 31. Ne2 Bh6 32. Rg8 Bf4 33. Nxf4
Rd2+ 34. Kc1 Rxc2+ 35. Kb1 Rxb2+ 36. Kc1 Rhc2+ 1/2-1/2

[Event "Excelsior May op"]
[Site "Toronto CAN"]
[Date "2023.05.20"]
[Round "2.3"]
[White "Ishoo, Younan"]
[Black "Lu, Tony"]
[Result "0-1"]
[WhiteElo "2120"]
[BlackElo "1982"]
[PlyCount "66"]
[EventDate "2023.05.19"]
[EventType "swiss"]
[EventRounds "5"]
[EventCountry "CAN"]

1. e4 e6 2. d4 d5 3. Nc3 Bb4 4. Bd3 dxe4 5. Bxe4 Nf6 6. Bf3 c5 7. Nge2 Nc6 8.
Bxc6+ bxc6 9. O-O Ba6 10. a3 Bxc3 11. bxc3 cxd4 12. cxd4 Bxe2 13. Qxe2 Qxd4 14.
Rb1 O-O 15. Rb4 Qd5 16. Bb2 Qf5 17. Rc4 Rac8 18. Qe3 Nd5 19. Qg3 f6 20. Re1 e5
21. Rg4 Rf7 22. c4 Nf4 23. Qf3 h5 24. Rh4 g5 25. Rh3 Qc2 26. Bc1 Nxh3+ 27. Qxh3
Rb8 28. Qe3 Rb3 29. Qc5 Rb1 30. Qe3 Rd7 31. h4 Rd1 32. Bd2 Rxd2 33. Rxb1 Qxb1+
0-1

[Event "Excelsior May op"]
[Site "Toronto CAN"]
[Date "2023.05.20"]
[Round "2.4"]
[White "Joseph, Jonath"]
[Black "Laughlin, Braden"]
[Result "0-1"]
[WhiteElo "1960"]
[BlackElo "2041"]
[PlyCount "92"]
[EventDate "2023.05.19"]
[EventType "swiss"]
[EventRounds "5"]
[EventCountry "CAN"]

1. Nf3 d5 2. b3 Bf5 3. Bb2 e6 4. e3 Nf6 5. d4 Nbd7 6. Bd3 Bxd3 7. Qxd3 c6 8.
O-O Bd6 9. c4 O-O 10. Ne5 Qc7 11. f4 Ne4 12. Nd2 Nxd2 13. Qxd2 Nf6 14. Qe2 Ne4
15. Rf3 f5 16. Kh1 Bxe5 17. fxe5 Qa5 18. Rf4 Qd2 19. Qxd2 Nxd2 20. Ba3 Rf7 21.
Rd1 Ne4 22. Bd6 Rd8 23. c5 g5 24. Rff1 h5 25. g3 Kg7 26. Kg2 Rh8 27. h4 gxh4
28. gxh4 Rg8 29. Kh2 Kh7 30. Rg1 Rg4 31. Rxg4 fxg4 32. Kg2 Kg6 33. Rf1 Rxf1 34.
Kxf1 Ng3+ 35. Kf2 Nf5 36. b4 Nxh4 37. a4 Nf5 38. b5 a6 39. b6 h4 40. Bc7 Ng3
41. Bd8 Ne4+ 42. Kg2 Kh5 43. Be7 g3 44. a5 Kg4 45. Kh1 h3 46. Bf6 Nf2+ 0-1